A standard for life (Record no. 76589)
[ view plain ]
| 000 -LEADER | |
|---|---|
| fixed length control field | 00919cab a2200205 4500 |
| 001 - CONTROL NUMBER | |
| control field | ##L132734 |
| 008 - FIXED-LENGTH DATA ELEMENTS--GENERAL INFORMATION | |
| fixed length control field | 060303n2006 000 0 eng u |
| 035 ## - SYSTEM CONTROL NUMBER | |
| System control number | (Sirsi) u132734 |
| 041 0# - LANGUAGE CODE | |
| Language code of text/sound track or separate title | eng |
| 100 1# - MAIN ENTRY--PERSONAL NAME | |
| Personal name | Green, Andy |
| 245 02 - TITLE STATEMENT | |
| Title | A standard for life |
| 260 ## - PUBLICATION, DISTRIBUTION, ETC. | |
| Date of publication, distribution, etc. | 2006 |
| 490 #0 - SERIES STATEMENT | |
| Series statement | QS News |
| Volume/sequential designation | 24 February 2006, 15(1) |
| 520 ## - SUMMARY, ETC. | |
| Summary, etc. | Reports that BCIS has established a standard menu of Whole-Life Cycle Costs (WLCC), which aligns with the European Commission's Task Group 4's proposed cost data structure for Life Cycle Costing (LCC) in construction, which, if endorsed by ballot, will become the international standard later in 2006. Outlines the reasons for having a common standard, what it will address, and explains when WLCC and LCC should be used and for what purpose. |
| 590 ## - LOCAL NOTE (RLIN) | |
| Local note | IKA140306 |
| 650 24 - SUBJECT ADDED ENTRY--TOPICAL TERM | |
| Topical term or geographic name entry element | BCIS |
| 650 24 - SUBJECT ADDED ENTRY--TOPICAL TERM | |
| Topical term or geographic name entry element | DIS/ISO 15686 |
| 690 ## - LOCAL SUBJECT ADDED ENTRY--TOPICAL TERM (OCLC, RLIN) | |
| Topical term or geographic name as entry element | BUILT ENVIRONMENT-BUILDING COSTS |
| 942 ## - ADDED ENTRY ELEMENTS (KOHA) | |
| Suppress in OPAC | 0 |
| Withdrawn status | Lost status | Source of classification or shelving scheme | Damaged status | Not for loan | Home library | Current library | Shelving location | Date acquired | Total Checkouts | Full call number | Barcode | Date last seen | Copy number | Price effective from | Koha item type |
|---|---|---|---|---|---|---|---|---|---|---|---|---|---|---|---|
| Dewey Decimal Classification | London | London | Journal article | 03/03/2006 | L132734 | 132734-1001 | 06/08/2019 | 1 | 06/08/2019 | Journal article |